Statistics for Can you guess the Linux logo?

Click here to take the quiz!

General Stats

  • This quiz has been taken 34 times
  • The average score is 7 of 9

Answer Stats

Answer% Correct
Arch
100%
Debian
100%
Fedora
100%
Linux Mint
100%
Ubuntu
100%
Gentoo
81%
Kubuntu
48%
Xubuntu
45%
Artix
42%

Score Distribution

Percentile by Number Answered

Percent of People with Each Score

Your Score History

You have not taken this quiz